00447nam a22001577a 4500008004100000020001800041040005500059080001700114100001800131245002300149260005300172300001700225650001400242653001300256700002000269230331b |||||||| |||| 00| 0 eng d a0-02-471580-8 aNational Science LibrarycNational Science Library aD 82.081bM4 aFlynn, James  aWriter's handbook  aNew York: bMacmillan Publishing company, c1984 axxii, 448p.  aHandbook  aGrammar  aGlaser, Joseph